000 00925nam a2200277 a 4500
003 AR-BaBNM
005 20251128203441.0
008 082120s2002 ||||||||||||||000 | spa||
040 _cAR-BaBNM
100 1 _aDestefani, Laurio H.
245 0 0 _aSíntesis de la geografía y la historia de las Islas Malvinas, Georgias y Sandwich del Sur
260 _aBuenos Aires
_bMinisterio de Cultura y Educación de la Nación
_c1982
300 _a108 p.
_bláms., mapas
490 0 _aNueva serie divulgación
_vv. 23
500 _aContiene apéndice para consultar p. 91-105
504 _aContiene bibliografía para consultar p. 107-108
650 4 _aGEOGRAFIA FISICA
650 4 _aHISTORIA POLITICA
650 4 _aHISTORIA SOCIAL
650 4 _aOCUPACION DE MALVINAS 1833
650 4 _aHISTORIA DIPLOMATICA
650 4 _aMISIONES DIPLOMATICAS
650 4 _aNEGOCIACIONES DIPLOMATICAS
942 _cBK
998 _cmariana
999 _c3444
_d3444